00934nas a2200229Ia 4500001001100000003000900011008004100020040001300061040001300074041001300087100004700100210003500147222003500182245008700217250001100304260002100315501008600336300001700422362001600439500021300455650003600668R059/99657IT-RoPAU151124c99999999xx |||||||||||| ||und|| aIT-RoPAU cIT-RoPAU aITALIANO aCompagnucci AldogCodice Aut. SPICS: 22211 aQUADERNI DI "IL NOSTRO CINEMA" aQuaderni Di "Il Nostro Cinema" aQUADERNI DI "NOSTRO CINEMA", N.25 (1991)bTeatro, Divertimento E Coscienza Critica a1a ed. aROMAbACECc1991 bPaulus - SPICS - Società San Paolo EM (non-commercial uses only)cCopyright2015 a7 p. [21-27] aN.25 (1991) aDiscorso Sul Teatro: Proposta Naturalista, Simbolista, Socio Politica e Semiotica. Sistema Comunicativo e Codici Usati. Senso del Teatro. Relazione al Xiv Corso di Aggiornamento su la Violenza dei Mass Media. aCINEMAvPUBBLICAZIONE PERIODICA